<?xml version="1.0" encoding="UTF-8"?>
<record
    xmlns:xsi="http://www.w3.org/2001/XMLSchema-instance"
    xsi:schemaLocation="http://www.loc.gov/MARC21/slim http://www.loc.gov/standards/marcxml/schema/MARC21slim.xsd"
    xmlns="http://www.loc.gov/MARC21/slim">

  <leader>01234nam0a2200313 i 4500</leader>
  <controlfield tag="001">RU\NLR\bibl\1914346</controlfield>
  <controlfield tag="005">20260409071320.0</controlfield>
  <datafield tag="010" ind1=" " ind2=" ">
    <subfield code="a">9785918520444</subfield>
    <subfield code="9">3000</subfield>
  </datafield>
  <datafield tag="021" ind1=" " ind2=" ">
    <subfield code="a">RU</subfield>
    <subfield code="b">2012-40273</subfield>
    <subfield code="9">2972</subfield>
  </datafield>
  <datafield tag="035" ind1=" " ind2=" ">
    <subfield code="a">(NLR Aleph) 001903860</subfield>
  </datafield>
  <datafield tag="090" ind1=" " ind2=" ">
    <subfield code="a">3084211</subfield>
    <subfield code="c">3084211</subfield>
  </datafield>
  <datafield tag="100" ind1=" " ind2=" ">
    <subfield code="a">20120614d2012    k  y0rusy50      ca</subfield>
  </datafield>
  <datafield tag="101" ind1="1" ind2=" ">
    <subfield code="a">rus</subfield>
    <subfield code="c">jpn</subfield>
  </datafield>
  <datafield tag="102" ind1=" " ind2=" ">
    <subfield code="a">RU</subfield>
  </datafield>
  <datafield tag="105" ind1=" " ind2=" ">
    <subfield code="a">y   |||||||||</subfield>
  </datafield>
  <datafield tag="200" ind1="1" ind2=" ">
    <subfield code="a">&#x41A;&#x43D;&#x438;&#x433;&#x430; &#x441;&#x430;&#x43C;&#x443;&#x440;&#x430;&#x44F;</subfield>
    <subfield code="e">[&#x43D;&#x430;&#x438;&#x431;&#x43E;&#x43B;&#x435;&#x435; &#x430;&#x432;&#x442;&#x43E;&#x440;&#x438;&#x442;&#x435;&#x442;&#x43D;&#x44B;&#x435; &#x442;&#x440;&#x430;&#x43A;&#x442;&#x430;&#x442;&#x44B;, &#x43F;&#x43E;&#x441;&#x432;&#x44F;&#x449;&#x435;&#x43D;&#x43D;&#x44B;&#x435; &#x431;&#x443;&#x441;&#x438;&#x434;&#x43E; - "&#x41F;&#x443;&#x442;&#x438; &#x432;&#x43E;&#x438;&#x43D;&#x430;"</subfield>
    <subfield code="f">&#x43F;&#x435;&#x440;. &#x441; &#x44F;&#x43F;. &#x41A;&#x43E;&#x442;&#x435;&#x43D;&#x43A;&#x43E; &#x420;.&#x412;., &#x41C;&#x438;&#x448;&#x435;&#x43D;&#x43A;&#x43E; &#x410;.&#x410;.]</subfield>
  </datafield>
  <datafield tag="210" ind1=" " ind2=" ">
    <subfield code="a">&#x421;&#x430;&#x43D;&#x43A;&#x442;-&#x41F;&#x435;&#x442;&#x435;&#x440;&#x431;&#x443;&#x440;&#x433;</subfield>
    <subfield code="c">&#x415;&#x432;&#x440;&#x430;&#x437;&#x438;&#x44F;</subfield>
    <subfield code="d">2012</subfield>
  </datafield>
  <datafield tag="215" ind1=" " ind2=" ">
    <subfield code="a">249, [1] &#x441;.</subfield>
    <subfield code="d">17</subfield>
  </datafield>
  <datafield tag="327" ind1="1" ind2=" ">
    <subfield code="a">&#x421;&#x43E;&#x434;&#x435;&#x440;&#x436;.: &#x411;&#x443;&#x434;&#x43E;&#x441;&#x451;&#x441;&#x438;&#x43D;&#x441;&#x44E;/ &#x42E;&#x434;&#x437;&#x430;&#x43D; &#x414;&#x430;&#x439;&#x434;&#x43E;&#x434;&#x437;&#x438;. &#x425;&#x430;&#x433;&#x430;&#x43A;&#x443;&#x440;&#x44D;/ &#x42F;&#x43C;&#x430;&#x43C;&#x43E;&#x442;&#x43E; &#x426;&#x443;&#x43D;&#x44D;&#x442;&#x43E;&#x43C;&#x43E;</subfield>
  </datafield>
  <datafield tag="606" ind1="1" ind2=" ">
    <subfield code="a">&#x412;&#x43E;&#x435;&#x43D;&#x43D;&#x430;&#x44F; &#x43D;&#x430;&#x443;&#x43A;&#x430;</subfield>
    <subfield code="y">&#x42F;&#x43F;&#x43E;&#x43D;&#x438;&#x44F;</subfield>
    <subfield code="9">2304879</subfield>
    <subfield code="3">RU\NLR\auth\661379750</subfield>
  </datafield>
  <datafield tag="606" ind1=" " ind2=" ">
    <subfield code="a">&#x421;&#x430;&#x43C;&#x443;&#x440;&#x430;&#x438;</subfield>
    <subfield code="y">&#x42F;&#x43F;&#x43E;&#x43D;&#x438;&#x44F;</subfield>
    <subfield code="3">RU\NLR\auth\66556808</subfield>
    <subfield code="9">1336967</subfield>
  </datafield>
  <datafield tag="686" ind1=" " ind2=" ">
    <subfield code="a">&#x422;3(5&#x42F;)0-28/-29</subfield>
  </datafield>
  <datafield tag="686" ind1=" " ind2=" ">
    <subfield code="a">&#x426;1,8(5&#x42F;)2</subfield>
  </datafield>
  <datafield tag="702" ind1=" " ind2="1">
    <subfield code="a">&#x41A;&#x43E;&#x442;&#x435;&#x43D;&#x43A;&#x43E;</subfield>
    <subfield code="b">&#x420;. &#x412;.</subfield>
    <subfield code="4">730</subfield>
  </datafield>
  <datafield tag="801" ind1=" " ind2="0">
    <subfield code="a">RU</subfield>
    <subfield code="b">NLR</subfield>
    <subfield code="c">20120614</subfield>
    <subfield code="g">RCR</subfield>
  </datafield>
  <datafield tag="801" ind1=" " ind2="1">
    <subfield code="a">RU</subfield>
    <subfield code="b">NLR</subfield>
    <subfield code="c">20120614</subfield>
  </datafield>
  <datafield tag="942" ind1=" " ind2=" ">
    <subfield code="c">BOOK</subfield>
  </datafield>
  <datafield tag="980" ind1=" " ind2=" ">
    <subfield code="a">NBR</subfield>
  </datafield>
</record>
